Justice distributive et justice contributive (notice n° 1583089)
[ vue normale ]
| 000 -LEADER | |
|---|---|
| fixed length control field | 01176cam a2200193 4500500 |
| 005 - DATE AND TIME OF LATEST TRANSACTION | |
| control field | 20251228052228.0 |
| 041 ## - LANGUAGE CODE | |
| Language code of text/sound track or separate title | fre |
| 042 ## - AUTHENTICATION CODE | |
| Authentication code | dc |
| 100 10 - MAIN ENTRY--PERSONAL NAME | |
| Personal name | Lasida, Elena |
| Relator term | author |
| 245 00 - TITLE STATEMENT | |
| Title | Justice distributive et justice contributive |
| 260 ## - PUBLICATION, DISTRIBUTION, ETC. | |
| Date of publication, distribution, etc. | 2009.<br/> |
| 500 ## - GENERAL NOTE | |
| General note | 45 |
| 520 ## - SUMMARY, ETC. | |
| Summary, etc. | RésuméLa question de la pauvreté est abordée dans cet article à travers celle de la justice. Deux types de justice sont identifiés : la justice distributive et la justice contributive. Chacune renvoie à une conception différente de la pauvreté : dans la première c’est le manque à combler qui est mis en avant ; dans la deuxième c’est la potentialité à développer. Cette problématique fut travaillée à travers la méthode du « théâtre forum ». Dès lors, les conclusions, en termes de contenu, sont marquées par les déplacements vécus au niveau de la méthode. |
| 690 ## - LOCAL SUBJECT ADDED ENTRY--TOPICAL TERM (OCLC, RLIN) | |
| Topical term or geographic name as entry element | justice contributive |
| 690 ## - LOCAL SUBJECT ADDED ENTRY--TOPICAL TERM (OCLC, RLIN) | |
| Topical term or geographic name as entry element | justice distributive |
| 690 ## - LOCAL SUBJECT ADDED ENTRY--TOPICAL TERM (OCLC, RLIN) | |
| Topical term or geographic name as entry element | théâtre forum |
| 786 0# - DATA SOURCE ENTRY | |
| Note | Transversalités | 111 | 3 | 2009-10-01 | p. 77-89 | 1286-9449 |
| 856 41 - ELECTRONIC LOCATION AND ACCESS | |
| Uniform Resource Identifier | <a href="https://shs.cairn.info/revue-transversalites-2009-3-page-77?lang=fr&redirect-ssocas=7080">https://shs.cairn.info/revue-transversalites-2009-3-page-77?lang=fr&redirect-ssocas=7080</a> |
Pas d'exemplaire disponible.




Réseaux sociaux